000 00701cam a2200289ua 4500
020 _c8.00
041 _amal
_h
082 _a553.1
_bMEH/IN
100 _aWadia, Meher D N .
245 _aIndiayile khanijangal /
_cMeher D N Wadia.
_hTextual Documents
250 _a1 /
_b.
260 _aThiruvananthapuram :
_bState Instititute of Languages ,
_c1974.
300 _a211 ; .
365 _a8.00
504 _a
942 _cBK
999 _c6246
_d6246